Ordinary differential equations
Uloženo v:
| Hlavní autoři: | , |
|---|---|
| Médium: | Kniha |
| Jazyk: | angličtina |
| Vydáno: |
Nueva York
John Wiley ans Sons
1978
|
| Vydání: | 3a. ed |
| Témata: | |
| Tagy: |
Přidat tag
Žádné tagy, Buďte první, kdo vytvoří štítek k tomuto záznamu!
|
MARC
| LEADER | 00000nam a2200000 a 4500 | ||
|---|---|---|---|
| 001 | UCQ9540 | ||
| 003 | CL-VaPUC | ||
| 008 | 990112e19780000US |||||||||||||||||eng|d | ||
| 082 | 0 | 4 | |a 515.352 |b BIR |2 21 |
| 100 | 0 | |a Birkhoff, Garrett |e author |9 424158 | |
| 700 | 0 | |a Rota, Gian-Carlo |e author |9 424159 | |
| 245 | 1 | 0 | |a Ordinary differential equations |
| 250 | |a 3a. ed | ||
| 300 | |a 342 p | ||
| 942 | |c BK | ||
| 945 | |d 19990112 00:00:00 |a crobeson | ||
| 260 | |a Nueva York |b John Wiley ans Sons |c 1978 | ||
| 650 | 0 | |a Ecuaciones diferenciales |9 260083 | |
| 650 | 0 | |a Cálculo diferencial |9 260102 | |
| 583 | |a last modification |c 19990112 00:00:00 |k Rodrigo Vera | ||
| 999 | |c 278539 |d 278537 | ||
| 952 | |0 0 |1 0 |4 0 |6 515_352000000000000_BIR_1978 |7 0 |8 A |9 317140 |a BIBMAT |b BIBMAT |d 2019-11-20 |i 1315811 |o 515.352 BIR 1978 |p 1315811 |r 2025-01-07 |w 2019-11-20 |y BK |k MAT | ||